Cohen-Macaulay modules over Cohen-Macaulay rings

Αποθηκεύτηκε σε:
Λεπτομέρειες βιβλιογραφικής εγγραφής
Κύριος συγγραφέας: Yoshino, Yoji 1954-
Μορφή: Βιβλίο
Γλώσσα:English
Δημοσίευση: Cambridge ; New York : Cambridge University press, 1990
Σειρά:London Mathematical Society lecture note series ; ; 146
Θέματα:
Ετικέτες: Προσθήκη ετικέτας
Δεν υπάρχουν, Καταχωρήστε ετικέτα πρώτοι!

MARC

LEADER 00000nam a2200000 i 4500
001 1/75900
008 990324s1990 eng d
020 |a 0-521-35694-6 
035 |l 10049460 
040 |a GR-MY-UA  |b gre  |e aacr 
041 0 |a eng 
082 0 |a 512.4 
100 1 |a Yoshino, Yoji  |d 1954- 
245 1 0 |a Cohen-Macaulay modules over Cohen-Macaulay rings /  |c Yuji Yoshino 
260 |a Cambridge ; New York :   |b Cambridge University press,   |c 1990 
300 |a 177 p.;  |c 23 cm. 
490 1 |a London Mathematical Society lecture note series  |v ; 146 
500 |a Includes bibliographical references and index 
650 0 0 |a Cohen-Macaulay rings. 
650 0 0 |a Cohen-Macaulay modules. 
830 0 |a London Mathematical Society lecture note series ;  |v ; 146 
852 |a INST  |b SAMOS  |e 19990324  |h 512.4 YOS  |p 005300013145  |q 005300013145  |t BK  |y 0 
901 |a BIBL-1999-1 
909 |a Σ  |b 064406 
922 |a 3ΕΛΗ  |b 199901  |c ΚΠΣ  |d GLORY